[Event "RUS-chT"]
[Site "Podolsk"]
[Date "1993.??.??"]
[Round "?"]
[White "Ibragimov, Ildar"]
[Black "Notkin, Maksim"]
[Result "1/2-1/2"]
[WhiteElo "2540"]
[BlackElo "2360"]

1.d4 Nf6 2.c4 g6 3.Nc3 d5 4.cxd5 Nxd5 5.e4 Nxc3 6.bxc3 Bg7 7.Bb5+ c6 8.Ba4 b5
9.Bb3 b4 10.Qf3 O-O 11.Ne2 bxc3 12.O-O Ba6 13.Rd1 c2 14.Bxc2 c5 15.dxc5 Qc8
16.Rb1 Qxc5 17.Bb3 Nc6 18.Rd5 Ne5 19.Qg3 Qc7 20.Bf4 Bxe2 21.Rc1 Nf3+ 22.gxf3 Qb6
23.Rd2 Qa6 24.h4  1/2-1/2

[Event "RUS-chT"]
[Site "Podolsk"]
[Date "1993.??.??"]
[Round "?"]
[White "Zarubin, Pavel"]
[Black "Zilberstein, Valery I"]
[Result "1/2-1/2"]
[WhiteElo "2415"]
[BlackElo "2285"]

1.d4 Nf6 2.c4 g6 3.Nc3 d5 4.cxd5 Nxd5 5.e4 Nxc3 6.bxc3 Bg7 7.Bc4 c5 8.Ne2 O-O
9.Be3 Nc6 10.Rc1 Na5 11.Bd3 e5 12.dxe5 b6 13.f4 Qh4+ 14.Ng3 Rd8 15.Qc2 Be6
16.c4 Bh6 17.O-O Nc6 18.Qe2 Bg4 19.Qd2 Nb4 20.Rc3 Be6 21.f5 Bxe3+ 22.Qxe3 Nxd3
23.Rxd3 Bxc4 24.Rxd8+ Rxd8 25.Re1 Bd3 26.Rd1 c4 27.f6 h6 28.Nh1 Qh5 29.Nf2 Re8
30.Qf4 Qxe5 31.Nxd3 cxd3 32.Qxe5 Rxe5 33.Rxd3 Rxe4 34.Rd8+ Kh7 35.Rf8 Ra4
36.Rxf7+ Kg8 37.Rg7+ Kf8 38.Rxg6 Rxa2 39.Rxh6 b5 40.g4 b4 41.g5 Ra6 42.Rh8+ Kf7
43.Rh7+ Kf8 44.Rb7 Rb6 45.Rxa7 b3 46.Ra1 b2 47.Rb1 Kf7 48.Kg2 Rb3 49.h4 Kg6
50.Kf1 Rb4 51.Ke1 Rxh4  1/2-1/2

[Event "RUS-chT"]
[Site "Podolsk"]
[Date "1993.??.??"]
[Round "?"]
[White "Utemov, Vladimir"]
[Black "Notkin, Maksim"]
[Result "0-1"]
[WhiteElo "2430"]
[BlackElo "2360"]

1.d4 Nf6 2.c4 g6 3.Nc3 d5 4.cxd5 Nxd5 5.e4 Nxc3 6.bxc3 Bg7 7.Bb5+ c6 8.Ba4 b5
9.Bb3 b4 10.e5 bxc3 11.f4 O-O 12.Ne2 Ba6 13.Nxc3 Nd7 14.h4 c5 15.d5 Qb8 16.Qf3 Nxe5
17.fxe5 Qxe5+ 18.Kd2 Qd4+ 19.Kc2 c4 20.Ba4 Bc8 21.Bd2 Rb8 22.Rhd1 Bf5+ 23.Kc1 Qb6
24.Bb5 a6  0-1

[Event "Podolsk"]
[Site "Podolsk"]
[Date "1993.??.??"]
[Round "?"]
[White "Chernin, Alexander"]
[Black "Dvoirys, Semen I"]
[Result "1-0"]
[WhiteElo "2615"]
[BlackElo "2590"]

1.d4 Nf6 2.c4 g6 3.Nc3 d5 4.cxd5 Nxd5 5.e4 Nxc3 6.bxc3 Bg7 7.Nf3 c5 8.Rb1 O-O
9.Be2 cxd4 10.cxd4 Qa5+ 11.Bd2 Qxa2 12.O-O b6 13.Qc1 Bb7 14.Bc4 Qa4 15.Bb5 Qa2
16.Bc4 Qa4 17.Bb5 Qa2 18.Re1 Rc8 19.Qd1 e6 20.Ba4 Nc6 21.d5 exd5 22.Bb3 Qa3
23.exd5 Nd4 24.Nxd4 Bxd4 25.Re4 Qc5 26.Be1 Bf6 27.Qf3 Kg7 28.Rf4 Qd6 29.Bb4 Qd8
30.Bd2 g5 31.Rf5 Rc7 32.Qg3 Rac8 33.h4 Kh8 34.Bxg5 Bxg5 35.hxg5 Qe7 36.Re5 Qb4
37.Bc2 Qc3 38.Bd3 Qd4 39.d6 Rc3 40.Re3 Rd8 41.Qh3 Qg7 42.d7 Bc6 43.Bf5 Rxe3
44.Qxe3 f6 45.Rc1 Bxd7 46.Rc7 Re8 47.Qf3 fxg5 48.Rxd7 Qa1+ 49.Kh2 Qe5+ 50.g3 Re7
51.Be6  1-0

[Event "Polanica Zdroj op"]
[Site "Polanica Zdroj"]
[Date "1993.??.??"]
[Round "4"]
[White "Shishkin, Vadim"]
[Black "Malisauskas, Vidmantas"]
[Result "0-1"]
[WhiteElo "2410"]
[BlackElo "2540"]

1.d4 Nf6 2.c4 g6 3.Nc3 d5 4.cxd5 Nxd5 5.e4 Nxc3 6.bxc3 Bg7 7.Bb5+ c6 8.Ba4 b5
9.Bb3 b4 10.Qf3 O-O 11.Ne2 a5 12.a3 bxc3 13.e5 a4 14.Ba2 Ba6 15.Be3 Qa5 16.Rc1 Bxe2
17.Qxe2 c5 18.f4 cxd4 19.Bxd4 Rc8 20.O-O e6 21.Qe3 Nc6 22.Bb6 Qa6 23.Rxc3 Ne7
24.Bc5 Nf5 25.Qf2 Bf8 26.Rfc1 Bxc5 27.Rxc5 Rxc5 28.Rxc5 Qd3 29.h3 Qxa3 30.g4 Ne3
31.Rc7 Rd8 32.f5 gxf5 33.gxf5 Rd1+ 34.Kh2 Nf1+ 35.Kg1 Qg3+ 36.Qxg3+ Nxg3+
37.Kf2 Nxf5 38.Kf3 Ra1 39.Bc4 Rc1 40.Kf4 a3 41.Kg5 Kg7  0-1

[Event "RL-op"]
[Site "Polch"]
[Date "1993.??.??"]
[Round "?"]
[White "Hahn, M."]
[Black "Herrmann, Ma"]
[Result "1-0"]
[WhiteElo "1790"]
[BlackElo "1665"]

1.d4 Nf6 2.c4 g6 3.Nc3 d5 4.cxd5 Nxd5 5.e4 Nxc3 6.bxc3 Bg7 7.Bc4 O-O 8.Ne2 c5
9.Be3 cxd4 10.cxd4 Nc6 11.O-O Bg4 12.f3 Na5 13.Bd3 Be6 14.Qd2 Bc4 15.Rac1 Rc8
16.Rfd1 b6 17.Rc2 Qd7 18.Rdc1 Bxd3 19.Qxd3 Rc6 20.Qb5 Rd6 21.Qxd7 Rxd7 22.Rc7 Rfd8
23.Rxd7 Rxd7 24.Rc8+  1-0

[Event "RL-op"]
[Site "Polch"]
[Date "1993.??.??"]
[Round "?"]
[White "Hahn, H."]
[Black "Rychel, Dieter"]
[Result "1-0"]
[WhiteElo "1710"]
[BlackElo "1925"]

1.d4 Nf6 2.c4 g6 3.Nc3 d5 4.cxd5 Nxd5 5.e4 Nxc3 6.bxc3 Bg7 7.Bc4 c5 8.Be3 O-O
9.Ne2 cxd4 10.cxd4 Nc6 11.O-O Na5 12.Bd3 b6 13.Rc1 Bb7 14.f4 Qd7 15.f5 Rac8
16.fxg6 hxg6 17.Qd2 Rxc1 18.Rxc1 Rc8 19.Rxc8+ Qxc8 20.Bh6 Nc4 21.Bxc4 Qxc4
22.Bxg7 Kxg7 23.Ng3 b5 24.d5 b4 25.h4 Qc3 26.Qg5 Kf8 27.h5 gxh5 28.Nxh5 Qd4+
29.Kh2 Qxe4 30.d6 Qxg2+ 31.Qxg2 Bxg2 32.d7  1-0

[Event "Police op"]
[Site "Police"]
[Date "1993.??.??"]
[Round "3"]
[White "Czerwonski, Aleksander"]
[Black "Jasnikowski, Zbigniew"]
[Result "1/2-1/2"]
[WhiteElo "2370"]
[BlackElo "2460"]

1.d4 Nf6 2.c4 g6 3.Nc3 d5 4.cxd5 Nxd5 5.e4 Nxc3 6.bxc3 Bg7 7.Bb5+ Bd7 8.Bxd7+ Qxd7
9.Nf3 c5 10.O-O cxd4 11.cxd4 Nc6 12.Be3 O-O 13.d5 Ne5 14.Nxe5 Bxe5 15.Bd4 Qd6
16.Bxe5 Qxe5 17.Rc1 Qxe4 18.Re1 Qb4 19.Rb1 Qc5 20.Rxb7 Rad8 21.Rbxe7 Rxd5
22.Qf3 a5  1/2-1/2

[Event "Police op"]
[Site "Police"]
[Date "1993.??.??"]
[Round "5"]
[White "Koutsin, Sergey"]
[Black "Jasnikowski, Zbigniew"]
[Result "1/2-1/2"]
[WhiteElo "2390"]
[BlackElo "2460"]

1.d4 Nf6 2.c4 g6 3.Nc3 d5 4.cxd5 Nxd5 5.e4 Nxc3 6.bxc3 Bg7 7.Bb5+ c6 8.Be2 c5
9.Nf3 cxd4 10.cxd4 Nc6 11.Be3 Qa5+ 12.Bd2 Qa3 13.d5  1/2-1/2

[Event "Policka"]
[Site "Policka"]
[Date "1993.??.??"]
[Round "6"]
[White "Mozny, Milos"]
[Black "Pribyl, Martin"]
[Result "1-0"]
[WhiteElo "2395"]
[BlackElo "2300"]

1.d4 Nf6 2.c4 g6 3.Nc3 d5 4.cxd5 Nxd5 5.e4 Nxc3 6.bxc3 Bg7 7.Nf3 c5 8.Rb1 O-O
9.Be2 Nc6 10.d5 Ne5 11.Nxe5 Bxe5 12.Qd2 b6 13.f4 Bg7 14.O-O e6 15.dxe6 Bxe6
16.f5 Bc8 17.Qxd8 Rxd8 18.Bg5 f6 19.Bc4+ Kh8 20.Bh4 Bb7 21.e5 g5 22.Be1 fxe5
23.f6 Bf8 24.Bg3 Bd5 25.Bxd5 Rxd5 26.c4 Rd7 27.Bxe5 h6 28.f7+ Kh7 29.Rbe1 Rc8
30.Bc3 h5 31.h3 Bh6 32.Re8 Rdd8 33.Rfe1 Kg6 34.R1e6+ Kxf7 35.R8e7+ Kf8 36.Rxa7 Ra8
37.Rb7  1-0

[Event "Policka"]
[Site "Policka"]
[Date "1993.??.??"]
[Round "6"]
[White "Pribyl, Josef"]
[Black "Zigura, Oleg"]
[Result "0-1"]
[WhiteElo "2470"]
[BlackElo "2310"]

1.d4 Nf6 2.c4 g6 3.Nc3 d5 4.cxd5 Nxd5 5.e4 Nxc3 6.bxc3 Bg7 7.Bb5+ Bd7 8.Rb1 Bxb5
9.Rxb5 b6 10.Nf3 O-O 11.h4 c5 12.h5 Qd7 13.Qd3 Nc6 14.hxg6 hxg6 15.Be3 Rac8
16.d5 c4 17.Qd2 Ne5 18.Nd4 Ng4 19.Bf4 Bxd4 20.Qxd4 e5 21.dxe6 Qxd4 22.cxd4 fxe6
23.g3 c3 24.f3 c2 25.Kd2 e5 26.dxe5 Nf2 27.Rc1 g5 28.Be3 Rxf3 29.Ke2 Rcf8
30.Rxc2 Nxe4 31.Rb4 Nxg3+ 32.Kd3 Rd8+ 33.Rd4 Rxe3+ 34.Kxe3 Nf5+ 35.Ke4 Nxd4
36.Rc7 Nb5 37.Rb7 Re8 38.Kf5 Nd4+ 39.Ke4 Nc6 40.Kd5 Nxe5 41.Rxa7 Nf7 42.Rb7 Re5+
43.Kd4 Ra5 44.Rxb6 Rxa2 45.Ke4 Rf2 46.Ke3 Rf1 47.Ke2 Rf5 48.Ke3 Kg7 49.Ra6 Rf6  0-1

[Event "Porz op29"]
[Site "Porz"]
[Date "1993.??.??"]
[Round "2"]
[White "Maric, Boris"]
[Black "Zagorskis, Darius"]
[Result "0-1"]
[WhiteElo "1990"]
[BlackElo "2425"]

1.d4 Nf6 2.c4 g6 3.Nc3 d5 4.cxd5 Nxd5 5.e4 Nxc3 6.bxc3 Bg7 7.Nf3 O-O 8.Rb1 b6
9.Be2 Bb7 10.e5 c5 11.Bf4 cxd4 12.cxd4 Qd5 13.Qd2 Nc6 14.Bb5 Qe4+ 15.Be3 Na5
16.O-O Rac8 17.Bd3 Qg4 18.h3 Qd7 19.Qe2 Bd5 20.Rb4 Rc3 21.Bd2 Rc7 22.Be3 Qc8
23.Rbb1 Qa8 24.Rfc1 Rfc8 25.Ba6 Rxc1+ 26.Rxc1 Rxc1+ 27.Bxc1 Qc6 28.Bg5 Bf8
29.Bb5 Qc3 30.Bd2 Qa1+ 31.Kh2 Qxa2 32.Bd7 Nc4 33.Be8 Nxd2 34.Nxd2 Bh6  0-1

[Event "Porz op29"]
[Site "Porz"]
[Date "1993.??.??"]
[Round "4"]
[White "Remling, Christian"]
[Black "Dausch, Rene"]
[Result "0-1"]
[WhiteElo "2160"]
[BlackElo "2290"]

1.d4 Nf6 2.c4 g6 3.Nc3 d5 4.cxd5 Nxd5 5.e4 Nxc3 6.bxc3 Bg7 7.Bc4 O-O 8.Ne2 Nc6
9.Be3 b6 10.O-O Bb7 11.Rc1 Qd6 12.Qd2 Rad8 13.Qb2 e5 14.Bd5 Ba6 15.Rfd1 Kh8
16.f4 exd4 17.Nxd4 Na5 18.Qc2 c6 19.Bb3 Qe7 20.Nf3 c5 21.Bd5 Bc4 22.Bf2 Bh6
23.Bh4 f6 24.Bxc4 Rxd1+ 25.Rxd1 Nxc4 26.Qe2 Qe6 27.Rd5 Nd6 28.Qd3 Nxe4 29.Rd8 Kg8
30.Nd2 Nxd2 31.Qxd2 Rxd8 32.Qxd8+ Kf7 33.Qc7+ Qe7 34.Qxe7+ Kxe7 35.f5 gxf5
36.Kf1 c4 37.Ke2 b5 38.Bf2 a6 39.Kf3 Ke6 40.Bd4 Bf8 41.h3 Bd6 42.Bb6 b4 43.cxb4 Bxb4
44.Bd4 Bd6 45.Ke3 Be5 46.Bb6 h5 47.Ba7 Kd5 48.a4 Bd4+  0-1

[Event "Porz op29"]
[Site "Porz"]
[Date "1993.??.??"]
[Round "5"]
[White "Brandt, Thorsten"]
[Black "Fuchs, Andreas"]
[Result "0-1"]
[WhiteElo "1610"]
[BlackElo "2145"]

1.d4 Nf6 2.c4 g6 3.Nc3 d5 4.cxd5 Nxd5 5.e4 Nxc3 6.bxc3 Bg7 7.Nf3 O-O 8.Rb1 c5
9.Qd2 Nd7 10.Be2 e5 11.d5 Nf6 12.Bd3 Ne8 13.O-O Nd6 14.Ne1 f5 15.f3 fxe4
16.fxe4 Rxf1+ 17.Kxf1 h6 18.c4 Bd7 19.Qc2 Qh4 20.Nf3 Rf8 21.Kg1 Qh5 22.Bb2 Bg4
23.Nd2 Qg5 24.Rf1 Qe3+ 25.Kh1 Rf2 26.Rxf2 Qxf2 27.Qc1 h5 28.Nf1 h4 29.Qd2 Nxe4
30.Qc2 h3  0-1

[Event "Porz op29"]
[Site "Porz"]
[Date "1993.??.??"]
[Round "6"]
[White "Meis, Carsten"]
[Black "Henk, Martin"]
[Result "1/2-1/2"]
[WhiteElo "1890"]
[BlackElo "2000"]

1.d4 Nf6 2.c4 g6 3.Nc3 d5 4.cxd5 Nxd5 5.e4 Nxc3 6.bxc3 Bg7 7.Bc4 c5 8.Ne2 O-O
9.Be3 Nc6 10.Rc1 cxd4 11.cxd4 Qa5+ 12.Kf1 Qa3 13.Rc3 Qb4 14.h4 Rd8 15.a3 Qa5
16.Qb3 e6 17.e5 b5 18.Bd3 Bb7 19.h5 b4 20.hxg6 hxg6 21.Bxg6 bxc3 22.Bxf7+ Kxf7
23.Qxb7+ Ne7 24.Bg5 Qxa3 25.Qf3+ Ke8 26.Rh7 Bf8 27.Rh8 Nd5 28.Nxc3 Nxc3 29.Qc6+ Kf7
30.Qf3+ Ke8 31.Qc6+  1/2-1/2

[Event "Ptuj-B"]
[Site "Ptuj"]
[Date "1993.??.??"]
[Round "8"]
[White "Vegh, Endre"]
[Black "Licina, Anita"]
[Result "1-0"]
[WhiteElo "2380"]
[BlackElo "2135"]

1.d4 Nf6 2.c4 g6 3.Nc3 d5 4.cxd5 Nxd5 5.e4 Nxc3 6.bxc3 Bg7 7.Bc4 O-O 8.Ne2 Nc6
9.Be3 e5 10.O-O exd4 11.cxd4 Na5 12.Bb3 Nxb3 13.Qxb3 c5 14.dxc5 Bxa1 15.Rxa1 Qe7
16.Qc3 Re8 17.Ng3 Be6 18.Bd4 f5 19.exf5 Bxf5 20.Nxf5 gxf5 21.Qg3+ Kf8 22.h3 Rad8
23.Bb2 Rd5 24.Rc1 Rc8 25.Qc3 Kf7 26.Qg7+ Ke8  1-0

[Event "Ptuj-B"]
[Site "Ptuj"]
[Date "1993.??.??"]
[Round "10"]
[White "Brglez, Rado"]
[Black "Licina, Anita"]
[Result "1/2-1/2"]
[WhiteElo "2310"]
[BlackElo "2135"]

1.d4 Nf6 2.c4 g6 3.Nc3 d5 4.cxd5 Nxd5 5.e4 Nxc3 6.bxc3 Bg7 7.Nf3 c5 8.Rb1 O-O
9.Be2 b6 10.O-O Bb7 11.Qd3 Ba6 12.Qe3 Qc8 13.d5 Bxe2 14.Qxe2 c4 15.Ba3 Re8
16.e5 e6 17.d6 Nd7 18.h4  1/2-1/2

[Event "Reykjavik op"]
[Site "Reykjavik"]
[Date "1993.??.??"]
[Round "2"]
[White "Pliester, Leon"]
[Black "Einarsson, Halldor"]
[Result "1/2-1/2"]
[WhiteElo "2385"]
[BlackElo "2320"]

1.d4 Nf6 2.c4 g6 3.Nc3 d5 4.cxd5 Nxd5 5.e4 Nxc3 6.bxc3 Bg7 7.Bc4 c5 8.Ne2 Nc6
9.Be3 O-O 10.Rc1 b5 11.Bxb5 Nxd4 12.Nxd4 cxd4 13.Bxd4 Bh6 14.Rb1 Qc7 15.e5 Bf4
16.Qe2 Bf5 17.Rd1 f6 18.Qc4+ Qxc4 19.Bxc4+ Kh8 20.exf6 e5 21.Be3 Bxe3 22.fxe3 Rac8
23.Bb3 Rxf6 24.O-O Rfc6 25.Rd5 e4 26.c4 Be6 27.Rd4 Bxc4 28.Bxc4 Rxc4 29.Rf8+ Kg7
30.Rxc8 Rxc8 31.Rd7+ Kf6 32.Rxa7 Rc2 33.h4 Re2 34.Ra3 Kf5 35.Kf1 Rb2 36.Ra4 Rc2
37.a3 Ra2 38.Ra7 Kg4 39.Rxh7 Rxa3 40.Rg7 Rxe3 41.Rxg6+ Kxh4 42.Kf2  1/2-1/2

[Event "ISD-FRA"]
[Site "Reykjavik"]
[Date "1993.??.??"]
[Round "3"]
[White "Thorsteins, Karl"]
[Black "Kouatly, Bachar"]
[Result "1/2-1/2"]
[WhiteElo "2480"]
[BlackElo "2505"]

1.d4 Nf6 2.c4 g6 3.Nc3 d5 4.cxd5 Nxd5 5.e4 Nxc3 6.bxc3 Bg7 7.Bc4 c5 8.Ne2 O-O
9.O-O Nc6 10.Be3 Bg4 11.f3 Bd7 12.Rb1 a6 13.dxc5 Na5 14.Bb3 Qc7 15.Nf4 e6
16.Qc2 Bh6 17.Qc1 Bb5 18.Rf2 Rac8 19.Nxe6 Bxe3 20.Qxe3 fxe6 21.Bxe6+ Rf7
22.Bxc8 Qxc8 23.Rd1 Nc4 24.Qg5 Kg7 25.Rd8 Qc6 26.Rd4 a5 27.h4 h6 28.Qd5 Qc7
29.h5 g5 30.c6 Qxc6 31.Qxc6 bxc6 32.a4 c5 33.Rd5 Bxa4 34.Rxc5 Bb3 35.e5 a4
36.Rb5 Ra7 37.Re2 Kf7 38.Kh2 Ke6 39.Kg3 Ra5 40.Rb8 Rxe5 41.Re8+ Kd6 42.R2xe5 Nxe5
43.f4 Nf7 44.Ra8 Kd5 45.fxg5 Nxg5 46.Kf4 Kc4 47.Kf5 Kxc3 48.Kg6 Nf7 49.Rxa4 Ne5+
50.Kxh6 Bxa4 51.Kg7  1/2-1/2

[Event "ISD-FRA"]
[Site "Reykjavik"]
[Date "1993.??.??"]
[Round "5"]
[White "Thorsteins, Karl"]
[Black "Dorfman, Josif D"]
[Result "1-0"]
[WhiteElo "2480"]
[BlackElo "2580"]

1.d4 Nf6 2.c4 g6 3.Nc3 d5 4.cxd5 Nxd5 5.e4 Nxc3 6.bxc3 Bg7 7.Bc4 c5 8.Ne2 O-O
9.O-O Nc6 10.Be3 Bg4 11.f3 Bd7 12.Rb1 Na5 13.Bd3 Rc8 14.Qd2 b5 15.d5 a6 16.Bh6 Bxh6
17.Qxh6 e6 18.e5 c4 19.Bc2 Qc7 20.f4 f5 21.exf6 Rxf6 22.dxe6 Bxe6 23.f5 Qb6+
24.Nd4 Bf7 25.fxg6 hxg6 26.Qg5 Rxf1+ 27.Rxf1 Rc5 28.Qf4 Qc7 29.Qf6 Rh5 30.h3 Rxh3
31.Qxf7+ Qxf7 32.Rxf7 Rxc3 33.Rf6 b4 34.Rxg6+ Kf8 35.Rxa6 b3 36.axb3 cxb3
37.Bg6 Nc4 38.Ra7 Re3 39.Nf5  1-0

[Event "ISD-FRA"]
[Site "Reykjavik"]
[Date "1993.??.??"]
[Round "6"]
[White "Olafsson, Helgi"]
[Black "Kouatly, Bachar"]
[Result "1/2-1/2"]
[WhiteElo "2270"]
[BlackElo "2505"]

1.d4 Nf6 2.c4 g6 3.Nc3 d5 4.cxd5 Nxd5 5.e4 Nxc3 6.bxc3 Bg7 7.Bc4 c5 8.Ne2 O-O
9.Be3 Nc6 10.Rc1 Qa5 11.O-O Bg4 12.f3 Bd7 13.d5 Ne5 14.Bb3 c4 15.Bc2 e6 16.f4 Ng4
17.Bd4 Bxd4+ 18.Qxd4 Qb6 19.Rb1 Qxd4+ 20.Nxd4 exd5 21.Rfe1 b6 22.e5 h5 23.h3 Nh6
24.e6 fxe6 25.Nxe6 Rf6 26.Nc7 Raf8 27.Nxd5 Rd6 28.Rbd1 Kg7 29.Nxb6 Rxd1 30.Rxd1 Bxh3
31.Nd7 Bxd7 32.Rxd7+ Rf7 33.Rxf7+ Nxf7 34.Kf2 Kf6 35.Ke3 h4 36.Kd4 Nd8 37.Be4 Ne6+
38.Ke3 g5 39.fxg5+ Nxg5 40.Bd5 Ke5 41.Bxc4 h3 42.gxh3 Nxh3 43.Bg8 Ng5 44.Kd3 Ne4
45.Kc4 Kd6 46.Bh7 Nf6 47.Bc2 Kc6 48.Kd4 Kb6 49.Bf5 Ne8 50.c4 Nc7 51.c5+ Kb5
52.Bd3+ Kb4 53.Bc4 a5 54.c6 a4 55.a3+ Kxa3 56.Kc5 Kb2 57.Bf7 a3 58.Kb6 Ne8
59.Bxe8 a2 60.c7 a1=Q 61.c8=Q Qg1+ 62.Ka5 Qg5+ 63.Bb5 Qd2+ 64.Ka6 Qd6+ 65.Ka7 Qd4+
66.Ka6 Qd6+ 67.Bc6 Qa3+ 68.Kb7 Qb4+ 69.Ka8 Qa3+ 70.Kb7 Qb4+ 71.Kc7 Qf4+ 72.Kb6 Qb4+
73.Bb5 Qd6+ 74.Kb7 Qd5+ 75.Ka6 Qd6+ 76.Ka7 Qd4+ 77.Ka8 Qd5+ 78.Bc6 Qa5+ 79.Kb8 Qe5+
80.Kb7 Qe7+  1/2-1/2

[Event "ISD-FRA"]
[Site "Reykjavik"]
[Date "1993.??.??"]
[Round "9"]
[White "Petursson, Margeir"]
[Black "Kouatly, Bachar"]
[Result "1/2-1/2"]
[WhiteElo "2560"]
[BlackElo "2505"]

1.c4 Nf6 2.Nc3 g6 3.d4 d5 4.cxd5 Nxd5 5.e4 Nxc3 6.bxc3 Bg7 7.Nf3 c5 8.Rb1 O-O
9.Be2 Qa5 10.O-O Qxa2 11.Bg5 cxd4 12.cxd4 Re8 13.d5 b6 14.e5 Ba6 15.Re1 Nd7
16.Bxa6 Qxa6 17.e6 fxe6 18.Rxe6 Bf6 19.d6 Qc4 20.Qe1 Nc5 21.Re3 Bxg5 22.Nxg5 e5
23.Rxe5 Rxe5 24.Qxe5 h6 25.Qf6 hxg5 26.Qxg6+ Kf8 27.Qh6+ Kg8 28.Qxg5+ Kh8
29.Qh5+ Kg8 30.Re1 Ne6 31.h4 Ng7 32.Qg5 Qc5 33.Qh6 Rf8 34.Re3 Qf5 35.Re2 Qf6
36.Qd2 Rd8 37.Qd5+ Qf7 38.Qc6 Qd7 39.Qd5+ Qf7 40.Qc6 Qd7 41.Qd5+ Qf7  1/2-1/2

[Event "LAT-ch"]
[Site "Riga"]
[Date "1993.??.??"]
[Round "?"]
[White "Fainveits, L."]
[Black "Vitolinsh, Alvis"]
[Result "1/2-1/2"]
[WhiteElo "2245"]
[BlackElo "2435"]

1.d4 Nf6 2.c4 g6 3.Nc3 d5 4.cxd5 Nxd5 5.e4 Nxc3 6.bxc3 Bg7 7.Nf3 O-O 8.Be2 b6
9.O-O Bb7 10.Qd3 Ba6 11.Qc2 Bxe2 12.Qxe2 c5 13.Rd1 Qc8 14.Bf4 Nd7 15.Rac1 Qb7
16.h3 e6 17.d5 exd5 18.exd5 Rae8 19.Qd3 Ne5 20.Bxe5 Bxe5 21.Re1 Bf6 22.c4 Qd7
23.Qc2  1/2-1/2

[Event "ROM-chT"]
[Site "ROM"]
[Date "1993.??.??"]
[Round "3"]
[White "Ignat, Diana"]
[Black "Andreescu, Nicoleta Aurora"]
[Result "1/2-1/2"]
[WhiteElo "2060"]
[BlackElo "2025"]

1.d4 Nf6 2.c4 g6 3.Nc3 d5 4.cxd5 Nxd5 5.e4 Nxc3 6.bxc3 Bg7 7.Bc4 O-O 8.Be3 c5
9.Ne2 cxd4 10.cxd4 Qa5+ 11.Qd2 Qxd2+ 12.Kxd2 Nc6 13.Rhd1 Rd8 14.Ke1 Bd7 15.Rab1 Rac8
16.Bd3 b6 17.Ba6 Ra8 18.d5 Ne5 19.h3 Bc8 20.Bb5 Bd7 21.Ba6 Bc8 22.Bb5 Bd7
23.Nd4 Bxb5 24.Nxb5 Rdc8 25.f4 Nc4 26.Bd4 Nd6 27.Bxg7 Kxg7 28.Nxd6 exd6 29.Rb2 Rc4
30.Re2 Re8 31.e5 Rxf4 32.exd6 Rd8 33.Re7 Rxd6 34.Rxa7 Rf5 35.Rb7 Rg5 36.Rd2 Re5+
37.Kf1 Rf5+ 38.Ke1 Rfxd5 39.Rxd5 Rxd5 40.Rxb6 Ra5 41.Rb2 h5 42.h4 Ra3 43.Kf2 Kf6
44.g3 Kf5 45.Kg2 Ke5 46.Rd2 f5 47.Re2+ Kf6 48.Rb2 Ke5  1/2-1/2

[Event "Rostov"]
[Site "Rostov"]
[Date "1993.??.??"]
[Round "?"]
[White "Vaganian, Rafael A"]
[Black "Lputian, Smbat G"]
[Result "1/2-1/2"]
[WhiteElo "2615"]
[BlackElo "2610"]

1.d4 Nf6 2.c4 g6 3.Nc3 d5 4.cxd5 Nxd5 5.e4 Nxc3 6.bxc3 Bg7 7.Bc4 c5 8.Ne2 O-O
9.O-O Nc6 10.Be3 Bg4 11.f3 Na5 12.Bxf7+ Rxf7 13.fxg4 Rxf1+ 14.Kxf1 Qd6 15.Kg1 Qe6
16.Qd3 Qc4 17.Qxc4+ Nxc4 18.Bg5 e5 19.d5 h6  1/2-1/2

[Event "Sala op"]
[Site "Sala"]
[Date "1993.??.??"]
[Round "4"]
[White "Ryskin, Alexander"]
[Black "Konopka, Michal"]
[Result "1/2-1/2"]
[WhiteElo "2505"]
[BlackElo "2380"]

1.d4 Nf6 2.c4 g6 3.Nc3 d5 4.cxd5 Nxd5 5.e4 Nxc3 6.bxc3 Bg7 7.Bb5+ c6 8.Ba4 O-O
9.Ne2 b5 10.Bb3 Nd7 11.O-O Bb7 12.Be3 e6 13.f3 a5 14.a4 Nb6  1/2-1/2

[Event "Sala op"]
[Site "Sala"]
[Date "1993.??.??"]
[Round "4"]
[White "Shtyrenkov, Veniamen"]
[Black "Chachalev, Jurij"]
[Result "1-0"]
[WhiteElo "2465"]
[BlackElo "2250"]

1.d4 Nf6 2.c4 g6 3.Nc3 d5 4.cxd5 Nxd5 5.e4 Nxc3 6.bxc3 Bg7 7.Bb5+ Nd7 8.Ne2 O-O
9.Ba3 Nf6 10.f3 Bd7 11.Bc4 b6 12.e5 Ne8 13.h4 c5 14.h5 cxd4 15.hxg6 hxg6
16.Qxd4 Bf5 17.Qh4 g5 18.Qxg5 e6 19.Be7 Qc7 20.Bd5 Rc8 21.Bf6 Bg6 22.Bxg7 Nxg7
23.Be4 Bxe4 24.fxe4 Qd8 25.Qf6 Rc5 26.Rh6 Qxf6 27.exf6 Ne8 28.Kf2  1-0

[Event "Sala op"]
[Site "Sala"]
[Date "1993.??.??"]
[Round "11"]
[White "Ryskin, Alexander"]
[Black "Zagorskis, Darius"]
[Result "1-0"]
[WhiteElo "2505"]
[BlackElo "2435"]

1.d4 Nf6 2.c4 g6 3.Nc3 d5 4.cxd5 Nxd5 5.e4 Nxc3 6.bxc3 Bg7 7.Bb5+ c6 8.Ba4 b5
9.Bb3 b4 10.Qf3 O-O 11.Ne2 a5 12.O-O Ba6 13.Rd1 Nd7 14.Bf4 Qb6 15.Rab1 c5
16.Be3 Rac8 17.Nf4 cxd4 18.Nd5 Qd8 19.Bxd4 Bxd4 20.Rxd4 e6 21.Ne3 Ne5 22.Qf4 Nd3
23.Qf3 Qg5 24.cxb4 Nxb4 25.Ng4 Nd3 26.Rd6 Rfd8 27.Rxd8+ Rxd8 28.Rd1 Kg7 29.Qg3 h5
30.Ne5 Qxg3 31.hxg3 Kf6 32.f4 a4 33.Bc2 Nxe5 34.Rxd8 Nc6 35.Ra8 Bb5 36.Bxa4  1-0

[Event "San Fernando op"]
[Site "San Fernando"]
[Date "1993.??.??"]
[Round "2"]
[White "Rodi, Luis Ernesto"]
[Black "Bronstein, Luis"]
[Result "0-1"]
[WhiteElo "2230"]
[BlackElo "2425"]

1.d4 Nf6 2.c4 g6 3.Nc3 d5 4.cxd5 Nxd5 5.e4 Nxc3 6.bxc3 Bg7 7.Nf3 c5 8.Be3 O-O
9.Rc1 cxd4 10.cxd4 e6 11.Bc4 b5 12.Bb3 a5 13.d5 a4 14.dxe6 Qxd1+ 15.Bxd1 Bxe6
16.Be2 b4 17.Bd2 b3 18.axb3 axb3 19.e5 Nd7 20.Bc3 Rfc8 21.O-O Bh6 22.Bd2 Bxd2
23.Nxd2 Rxc1 24.Rxc1 b2 25.Rb1 Ra1 26.Bd3 Nxe5 27.Bc2 Nc4 28.Ne4  0-1

[Event "San Fernando op"]
[Site "San Fernando"]
[Date "1993.??.??"]
[Round "3"]
[White "Sorokin, Maxim"]
[Black "Bronstein, Luis"]
[Result "1/2-1/2"]
[WhiteElo "2490"]
[BlackElo "2425"]

1.d4 Nf6 2.c4 g6 3.Nc3 d5 4.cxd5 Nxd5 5.e4 Nxc3 6.bxc3 Bg7 7.Be3 c5 8.Qd2 O-O
9.Nf3 cxd4 10.cxd4 b6 11.Rd1 e6 12.Bh6 Bb7 13.Bd3 Nc6 14.Bb1 Qe7 15.O-O Rad8
16.e5 Qb4 17.Qe3 Ne7 18.a3 Qa4 19.Be4 Bxe4 20.Bxg7 Kxg7 21.Qxe4 h6  1/2-1/2

[Event "San Sebastian op"]
[Site "San Sebastian"]
[Date "1993.??.??"]
[Round "?"]
[White "Komljenovic, Davor"]
[Black "Sanchez Almeyra, Jorge"]
[Result "1/2-1/2"]
[WhiteElo "2475"]
[BlackElo "2415"]

1.c4 Nf6 2.Nc3 d5 3.cxd5 Nxd5 4.d4 g6 5.e4 Nxc3 6.bxc3 Bg7 7.Nf3 c5 8.Rb1 O-O
9.Be2 cxd4 10.cxd4 Qa5+ 11.Bd2 Qxa2 12.O-O Bg4 13.Bg5 h6 14.Bh4 Qe6 15.h3 Bxf3
16.Bxf3 Qd7 17.d5 Na6 18.Qe2 Nc5 19.e5 e6 20.Rfd1 exd5 21.Bxd5 Qf5 22.Be7 Rfc8
23.Qe3 Na4 24.e6 Nc3 25.exf7+ Kh7 26.Be6 Nxd1 27.Rxd1 Qc2 28.Rf1 Rc7 29.Bd6 Rc6
30.Be7 Qc3 31.Qxc3 Rxc3 32.Rd1 Bf8 33.Rd7 Rc1+ 34.Kh2 Re1 35.Bxf8 Rxf8 36.Bc4 Rb1
37.h4 Rb4 38.Rc7 Rxc4 39.Rxc4 Rxf7 40.Rc8 b6 41.Rb8 Kg7 42.Kg3 Kf6 43.Kg4 Rc7
44.h5 Rc4+ 45.f4 gxh5+ 46.Kxh5 Rxf4 47.g3 Rf5+ 48.Kxh6 Rg5 49.Rf8+ Ke7 50.Rf3 Rg8
51.Kh5 Kd6 52.g4 a5 53.g5 Kc5 54.g6 a4 55.Kh6 b5 56.g7 b4 57.Rf8 Rxg7 58.Kxg7 b3
59.Kf6 a3 60.Ke5 a2 61.Ra8 Kc4 62.Kd6 b2 63.Rxa2 b1=Q 64.Ra4+ Kb5 65.Rd4 Qg6+
66.Ke5 Kc5 67.Rd5+ Kc6 68.Rd4 Qg7+ 69.Ke4 Qg5 70.Rd3 Qg4+ 71.Ke5 Qe2+ 72.Kd4 Qe6
73.Rc3+ Kd6 74.Rd3 Qg4+ 75.Kc3+ Ke5 76.Kd2 Qb4+ 77.Ke2 Qb2+ 78.Kf3 Qh2 79.Re3+ Kf5
80.Rd3 Qf4+ 81.Ke2 Ke4 82.Rd2 Qf3+ 83.Ke1 Qh1+ 84.Kf2 Qb1 85.Re2+ Kf4 86.Kg2 Qd1
87.Rf2+ Kg4 88.Kh2 Qe1 89.Kg2 Qe4+ 90.Kh2 Kh4 91.Rg2 Qf4+ 92.Kg1 Kh3 93.Re2 Qd4+
94.Kf1 Kg3 95.Re3+ Kf4 96.Re8 Qc4+ 97.Kf2 Qc5+ 98.Ke1 Kf3 99.Kd2 Qb4+ 100.Kc1 Qa3+
101.Kb1 Qd6 102.Rc8 Qb4+ 103.Kc1 Qf4+ 104.Kc2 Qb4 105.Kc1 Qa3+ 106.Kc2 Qa4+
107.Kb2 Qb5+ 108.Kc1 Qg5+ 109.Kb2  1/2-1/2

[Event "Seefeld op"]
[Site "Seefeld"]
[Date "1993.??.??"]
[Round "7"]
[White "Roemer, Ulrich"]
[Black "Topakian, Raffi"]
[Result "0-1"]
[WhiteElo "2220"]
[BlackElo "2280"]

1.d4 Nf6 2.c4 g6 3.Nc3 d5 4.cxd5 Nxd5 5.e4 Nxc3 6.bxc3 Bg7 7.Bc4 O-O 8.Ne2 Nc6
9.O-O e5 10.Be3 Qe7 11.d5 Na5 12.Bd3 b6 13.c4 f5 14.f3 c5 15.dxc6 Be6 16.Qa4 Rac8
17.Nc3 Nxc6 18.Nd5 Bxd5 19.cxd5 Qb4 20.Qb5 Qxb5 21.Bxb5 Nb4 22.Bd7 Rcd8 23.Be6+ Kh8
24.Rfc1 fxe4 25.fxe4 Rf4 26.d6 Bf6 27.Bxf4 exf4 28.d7 Bxa1 29.Rxa1 Nd3 30.Bh3 Kg7
31.Rd1 Nc5 32.e5 Kf7 33.Kf2 Ke7 34.e6 Ne4+ 35.Kf3 Ng5+ 36.Kxf4 Nxh3+ 37.gxh3 Kxe6
38.Kg5 Rxd7 39.Rxd7 Kxd7 40.Kh6 Ke6 41.Kxh7 Kf6 42.h4 b5 43.Kh6 b4 44.h5 gxh5
45.Kxh5 a5  0-1

[Event "Sitges op"]
[Site "Sitges"]
[Date "1993.??.??"]
[Round "9"]
[White "Semkov, Semko"]
[Black "Kolev, Atanas"]
[Result "1-0"]
[WhiteElo "2480"]
[BlackElo "2500"]

1.d4 Nf6 2.c4 g6 3.Nc3 d5 4.cxd5 Nxd5 5.e4 Nxc3 6.bxc3 Bg7 7.Nf3 c5 8.Bb5+ Nc6
9.O-O cxd4 10.cxd4 O-O 11.Be3 Bg4 12.Bxc6 bxc6 13.Rc1 Qa5 14.Qe2 Rfd8 15.Rc5 Qa3
16.Qc4 Bxf3 17.gxf3 Rab8 18.Rxc6 Bxd4 19.Bxd4 Qxf3 20.Be5 Rb2 21.Bg3 Rbd2
22.Rc8 Rxc8 23.Qxc8+ Kg7 24.Qb7 e6 25.Qb3 Rd3 26.Qb2+ Kh6 27.Re1 Kh5 28.h3 f5
29.Qf6 Kh6 30.Qh4+ Qh5 31.Bf4+ g5 32.Bxg5+  1-0